Responses for Show #8380 - Friday, April 16, 2021

Last game with Aaron Rodgers as guest host.
Champion's winnings & consolation amounts matched to the North Valley Community Foundation.

Contestants

[<< previous game]

Danielle Henry, a marketing professional from Seattle, Washington

Dakota Lupo, a documentary filmmaker originally from Baldwin, New York

Patrick Hume, a project manager originally from Stoneham, Massachusetts (whose 2-day cash winnings total $46,501)

[next game >>]

Jeopardy! Round responses

COUNTRIES IN THE DICTIONARY
DIETARY MATTERS
HISTORY ON ICE
PARTS OF THE HOLE
THE BIRDS
THE "B"s
    $200 7
china

Patrick
    $200 21
fiber

Danielle
    $200 12
the (RMS) Titanic

Danielle
    $200 6
the tee (box)

Danielle
    $200 26
an ostrich

Patrick
    $200 1
belated

Dakota
    $400 8
chad

Dakota
    $400 22
fat

Patrick
    $400 13
(Dakota: What are the Urals?)

the Alps

DakotaDanielle
    $400 17
(Dakota: What is the fringe?)

the rough

PatrickDakota
    $400 27
doves

Patrick
    $400 2
a bear claw

Danielle
    $600 9
(Michael) Jordan

Dakota
    $600 23
calories

Patrick
    $1,200 14
(Danielle: What is the Bering Strait?)

the Northwest Passage

Danielle
    $600 18
(Danielle: What is a [*] bunker?)

sand

Danielle
    $600 28
a hummingbird

Dakota
    $600 3
bocce

Dakota
    $800 10
a guinea

Patrick
    $800 24
The South Beach Diet

Dakota
    $800 15
woolly mammoths

Patrick
    $800 19
(Aaron: Yes, I hate those.)

a dogleg

Patrick
    $800 29
(Dakota: No.)

raptors

PatrickDakota
    $800 4
a bodega

Patrick
    $1000 11
Morocco

Triple Stumper
    $1000 25
fortified

Danielle
    $1000 16
Clarence Birdseye

Triple Stumper
    $1000 20
fringe

Dakota
    $1000 30
a grouse

Triple Stumper
    $1000 5
a backslash

Patrick

Scores at the first commercial break (after clue 15):

Patrick Dakota Danielle
$3,600 $1,400 $0

Scores at the end of the Jeopardy! Round:

Patrick Dakota Danielle
$7,200 $2,600 $1,800

Double Jeopardy! Round responses

EUROPEAN GEO-GRAPHIC
BLOW-POURRI
LATIN PHRASEBOOK
CHAPTERS IN NONFICTION BOOKS
DISSECTING THE LYRICS
NATIVE AMERICANS
    $400 2
Hungary & Slovakia

Dakota
    $400 12
the larynx

Danielle
    $400 26
a year

Patrick
    $400 11
(Danielle: What is A Million Little Pieces?)
...
(Aaron: Mitch Albom's book.)

Tuesdays with Morrie

Danielle
Triple Stumper
    $400 1
Justin Bieber

Dakota
    $400 21
a dream catcher

Patrick
    $800 3
Switzerland & Austria

Triple Stumper
    $800 13
a whistleblower

Patrick
    $4,000 27
bona fide

Patrick
    $800 17
On the Origin of Species

Dakota
    $800 10
a horse

Danielle
    $800 22
the Sioux

Patrick
    $1200 4
Denmark

Dakota
    $1200 14
blows hot & cold

Danielle
    $1200 28
(Patrick: What is in utero?)

in vivo

Patrick
Triple Stumper
    $1200 18
Bossypants

Danielle
    $1200 7
Rebecca Black

Dakota
    $1200 23
Jim Thorpe

Dakota
    $1600 5
the Carpathians

Triple Stumper
    $1600 15
glass (glassmaking)

Danielle
    $1600 29
the die

Patrick
    $1600 19
Born Free

Triple Stumper
    $1600 8
Ed Sheeran

Triple Stumper
    $1600 24
First Nations

Patrick
    $2000 6
the Gulf of Bothnia

Triple Stumper
    $2000 16
(Patrick: What is Hornblower?)

Horatio Nelson

Patrick
Triple Stumper
    $2000 30
Dramatis personæ

Patrick
    $2,000 20
(Aaron: Yes, by Jon Krakauer.)

Into Thin Air

Danielle
    $2000 9
cherry pie

Danielle
    $2000 25
Wounded Knee

Patrick

Scores at the end of the Double Jeopardy! Round:

Patrick Dakota Danielle
$17,600 $7,800 $10,600

[wagering suggestions for these scores]

Final Jeopardy! Round responses

AMERICAN NAMES
(Aaron: The correct response was actually [*] who was the president of the Central Pacific Railroad and later founded this school in the Bay Area that gets beat by Cal all the time.)
[Laughter]
DakotaWho is B. Young
$7,800
DanielleWho is Brigham Young?
$7,001
PatrickWho is Brigham Young?
$3,601
(Leland) Stanford

Final scores:

Patrick Dakota Danielle
$13,999 $0 $3,599
3-day champion: $60,500 3rd place: $1,000 2nd place: $2,000

Game dynamics:

Coryat scores:

Patrick Dakota Danielle
$14,400 $7,800 $11,800
21 R
(including 1 DD),
2 W
13 R,
3 W
14 R
(including 1 DD),
2 W
(including 1 DD)

Combined Coryat: $34,000

[game clues] [game scores] [suggest correction]

Game tape date: 2021-02-18
The J! Archive is created by fans, for fans. Scraping, republication, monetization, and malicious use prohibited; this site may use cookies and collect identifying information. See terms. The Jeopardy! game show and all elements thereof, including but not limited to copyright and trademark thereto, are the property of Jeopardy Productions, Inc. and are protected under law. This website is not affiliated with, sponsored by, or operated by Jeopardy Productions, Inc. Join the discussion at JBoard.tv.